000 00498nam a22001811a 4500
001 6777
003 OSt
005 20260204212103.0
008 060721s1981||||dr ||||||b||||||||||spa||
050 _aRD 347.014 G165j
100 _aGarcía Menéndez, Alberto A.
245 _aLos jueces de la aplicación de la española y su residencia / Alberto A. García Menéndez
264 _aSanto Domingo : Taller
300 _a271 p
500 _aIncluye indice
650 _a1.JuecesÌ
942 _2ddc
_cBK
999 _c6777
_d6777